MARC

LEADER 00000nam0a2200000 4500
001 209377
005 20231101225533.0
035 |a (RuTPU)RU\TPU\book\228702 
090 |a 209377 
100 |a 20120212d1964 km y0rusy50 ca 
101 0 |a rus 
102 |a RU 
105 |a a z 001zy 
200 1 |a О бурении сверхглубоких скважин на верхнюю мантию Земли 1962-1963  |e [обзор]  |f Академия наук СССР (АН СССР), Институт научной информации ; сост. М. М. Андреев , В. С. Владиславлев , Б. И. Воздвиженский , М. И. Конычев ; под ред. Б. И. Воздвиженского 
210 |a Москва  |c Изд-во ВИНИТИ  |d 1964 
215 |a 105 с.  |c ил. 
225 1 |a Итоги науки 
317 |5 63413507: М-6760  |a Глубокоуважаемому Александру Акимовичу Воробьеву от одного из авторов. Подпись. 3.11.64 года 
320 |a Список периодической литературы, прореферированной в РЖ "Геология": с. 95-105. 
320 |a Список использованной литературы: с. 106. 
606 1 |a Бурение сверхглубокое  |x (геология)  |2 stltpush  |3 (RuTPU)RU\TPU\subj\30388  |9 53505 
610 1 |a Земля 
610 1 |a мантия Земли 
610 1 |a земная кора 
610 1 |a сверхглубокие скважины 
610 1 |a бурильные колонны 
610 1 |a горные породы 
610 1 |a породоразрушающие инструменты 
610 1 |a морское бурение 
675 |a 550.822.6  |v 3 
702 1 |a Андреев  |b М. М.  |4 220 
702 1 |a Владиславлев  |b В. С.  |4 220 
702 1 |a Воздвиженский  |b Б. И.  |4 220 
702 1 |a Конычев  |b М. И.  |4 220 
702 1 |a Воздвиженский  |b Б. И.  |4 340 
712 0 2 |a Академия наук СССР (АН СССР)  |b Институт научной информации  |c (Москва)  |c (1952-1955)  |2 stltpush  |3 (RuTPU)RU\TPU\col\5382 
801 1 |a RU  |b 63413507  |c 20120212 
801 2 |a RU  |b 63413507  |c 20120605  |g RCR 
942 |c BK